MyGZULibrary

Voices from the rocks : (Record no. 830)

MARC details
000 -LEADER
fixed length control field 01289cam a2200313 a 4500
001 - CONTROL NUMBER
control field 1672125
003 - CONTROL NUMBER IDENTIFIER
control field GZU
005 - DATE AND TIME OF LATEST TRANSACTION
control field 20200915094045.0
008 - FIXED-LENGTH DATA ELEMENTS--GENERAL INFORMATION
fixed length control field 980804s1999 rh ab b 001 0 eng
010 ## - LIBRARY OF CONGRESS CONTROL NUMBER
LC control number 98040424
020 ## - INTERNATIONAL STANDARD BOOK NUMBER
International Standard Book Number 0253335272 (Indiana cloth)
020 ## - INTERNATIONAL STANDARD BOOK NUMBER
International Standard Book Number 025321288X (Indiana paper)
035 ## - SYSTEM CONTROL NUMBER
System control number (DLC) 98040424
040 ## - CATALOGING SOURCE
Original cataloging agency DLC
Transcribing agency DLC
Modifying agency DLC
043 ## - GEOGRAPHIC AREA CODE
Geographic area code f-rh---
050 00 - LIBRARY OF CONGRESS CALL NUMBER
Classification number DT3020
Item number RAN 1999
082 00 - DEWEY DECIMAL CLASSIFICATION NUMBER
Classification number 968.91
Edition number 21
100 1# - MAIN ENTRY--PERSONAL NAME
Personal name Ranger, T. O.
245 10 - TITLE STATEMENT
Title Voices from the rocks :
Remainder of title nature, culture & history in the Matopos Hills of Zimbabwe /
Statement of responsibility, etc. Terence Ranger.
260 ## - PUBLICATION, DISTRIBUTION, ETC.
Place of publication, distribution, etc. Harare [Zimbabwe] :
Name of publisher, distributor, etc. Baobab ;
Place of publication, distribution, etc. Bloomington, Ind. :
Name of publisher, distributor, etc. Indiana University Press ;
Place of publication, distribution, etc. Oxford :
Name of publisher, distributor, etc. J. Currey,
Date of publication, distribution, etc. 1999.
300 ## - PHYSICAL DESCRIPTION
Extent x, 305 p. :
Other physical details ill., maps ;
Dimensions 25 cm.
504 ## - BIBLIOGRAPHY, ETC. NOTE
Bibliography, etc. note Includes bibliographical references (p. 291-299) and index.
650 #0 - SUBJECT ADDED ENTRY--TOPICAL TERM
Topical term or geographic name entry element Ndebele (African people)
Geographic subdivision Zimbabwe
-- Matopo Hills
General subdivision History.
651 #0 - SUBJECT ADDED ENTRY--GEOGRAPHIC NAME
Geographic name Matopo Hills (Zimbabwe)
General subdivision History.
856 42 - ELECTRONIC LOCATION AND ACCESS
Materials specified Book review (H-Net)
Uniform Resource Identifier <a href="http://www.h-net.org/review/hrev-a0b3d4-aa">http://www.h-net.org/review/hrev-a0b3d4-aa</a>
906 ## - LOCAL DATA ELEMENT F, LDF (RLIN)
a 7
b cbc
c orignew
d 1
e ocip
f 19
g y-gencatlg
942 ## - ADDED ENTRY ELEMENTS (KOHA)
Source of classification or shelving scheme Library of Congress Classification
Koha item type Books
Classification part 020
Item part RAN
Call number prefix DT
Holdings
Withdrawn status Lost status Damaged status Not for loan Collection code Home library Current library Shelving location Date acquired Total Checkouts Full call number Barcode Date last seen Copy number Price effective from Koha item type Source of acquisition Inventory number Date last checked out
        Non-fiction City Campus Library City Campus Library General Stacks 09/15/2020   DT 3020 RAN 1999 BO17142 09/15/2020 c.1 09/15/2020 Books      
        Non-fiction City Campus Library City Campus Library General Stacks 02/05/2005   DT 3020 RAN 1999 b017152 09/15/2020 C-2 09/15/2020 Books      
        Non-fiction Mashava Campus Library Mashava Campus Library General Stacks 05/11/2021 1 DT3020. RAN 1999 B017155 10/01/2024 C.3 05/11/2021 Books Purchase B017155 09/19/2024